| 000 | 00732nam a2200229Ia 4500 | ||
|---|---|---|---|
| 005 | 20220317162107.0 | ||
| 008 | 210716s2019 xx 000 0 und d | ||
| 020 | _a9789353281830 | ||
| 040 | _cAIMIT LIBRARY | ||
| 041 | _aeng | ||
| 082 |
_a331.8 _21 _bGUPP |
||
| 100 |
_aGupta, Parul. _924090 |
||
| 245 |
_aIndustrial relations and labour laws for managers / _cBy Parul Gupta. |
||
| 250 | _a1st ed. | ||
| 260 |
_aNew Delhi : _bSage Publications , _c2019. |
||
| 300 |
_axi,478,I-9p. ; _c24 cm. |
||
| 650 |
_aIndustrial Relations _924091 |
||
| 650 |
_aLabour Laws for Managers. _924092 |
||
| 650 |
_aFundamental Aspect of Industrial Relations. _924093 |
||
| 650 |
_aContact Labour. _924094 |
||
| 942 |
_2ddc _cBK _e1st _k331.8 GUPP |
||
| 999 |
_c211258 _d211258 |
||